000 01533cam a22004097a 4500
001 000085423
003 CHAP
005 20220817043706.0
008 000731d1994 mx r 00110 spa d
010 _a81897
011 _a82869
035 _a93374
040 _cCHAP
090 _aFolleto 15097
100 0 0 _aQuispe Limaylla, Aníbal.
_993540
245 1 3 _aLa investigación acción y la investigación en filosofía /
_c/por Anibal Quispe Limaylla y Clark Mejía Martínez.
260 _aChapingo, Méx. :
_bUACH.Departamento de Preparatoria Agrícola,
_c1994.
300 _app. 1-9.
410 2 _aUACH. Departamento de Preparatoria Agrícola
490 1 _aCuadernos de formación de investigadores
_v; 5
500 _aEnc. con : Sobre el investigar en filosofía
590 _aBATCH-UPD
_b10
_c20130110
_lUCH01
_h0726
590 _aBATCH-UPD
_b10
_c20130410
_lUCH01
_h0410
590 _aBATCH-UPD
_b10
_c20130914
_lUCH01
_h1238
590 _aCONVERSION
_b10
_c20130109
_lUCH01
_h1345
590 _aE5995AHE
_b05
_c20150212
_lUCH01
_h1405
650 1 4 _aEducación
_xDiscursos, ensayos, conferencias.
_935434
650 1 4 _aFilosofía
_xDiscursos, ensayos, conferencias.
_940893
810 0 0 _aUACH. Departamento de Preparatoria Agrícola
830 0 _aCuadernos de formación de investigadores
_v; 5
_929781
901 _aBK
905 _aMayto Villalobos S.
942 _cFOLL
942 _n0
949 _aFolleto 15097
_bBC
_cUACH
_d933741
_eUACH
_i93374
_st
949 _aFolleto 15097
_bBC
_cUACH
_d933742
_eUACH
_fc.2
_i93374
_sb
999 _c81897
_d81897